Figli Diversi New genereration

Wedi'i Gadw mewn:
Manylion Llyfryddiaeth
Prif Awdur: Paolo E Giovanni Dall'orto
Fformat: Llyfr
Iaith:anh
Cyhoeddwyd: Sonda
Tagiau: Ychwanegu Tag
Dim Tagiau, Byddwch y cyntaf i dagio'r cofnod hwn!

MARC

LEADER 00000nam a2200000Ia 4500
001 R-1555
003 CODICE-MESSINA
005 20260212102509.0
008 260211s9999 xx 000 0 und d
040 |c importazione_messina 
100 |a Paolo E Giovanni Dall'orto 
245 0 |a Figli Diversi  
245 0 |b New genereration 
260 |b Sonda 
942 |2 ddc  |c BK 
952 |0 0  |1 0  |2 ddc  |4 0  |6 SCAFFALE_15_000000000000000__LGBT_S_R  |7 0  |9 32393  |a ME  |b ME  |d 2026-02-11  |l 0  |o SCAFFALE 15 - LGBT S.R.  |p R-1555  |r 2026-02-11 23:53:09  |w 2026-02-11  |x [REVISIONARE]  |y BK 
999 |c 28060  |d 28060